| 000 | 00642nam a22002297a 4500 | ||
|---|---|---|---|
| 005 | 20170124110026.0 | ||
| 010 | _a171278 | ||
| 020 | _c00.00 | ||
| 035 | _a171278 | ||
| 037 | _bCen Lib/Ret | ||
| 040 |
_aDPL _bEN |
||
| 082 |
_a540 _bJAF |
||
| 100 |
_aJaffe, Bernard _920681 |
||
| 245 |
_aChemistry : _cby Bernard Jaffe; illustrated by AVA Morgan _bcreates a new world / |
||
| 260 |
_aNew York _bThomas Y. Crowell _c1957 |
||
| 300 |
_axii,321p. : _c19cm(Hb) _bill. |
||
| 500 | _aincludes index. | ||
| 650 |
_aScience _910795 |
||
| 650 |
_aChemistry _970 |
||
| 700 |
_aMorgan, AVA _920682 |
||
| 942 |
_2ddc _cEN _h540 _mJAF |
||
| 999 |
_c127505 _d127505 |
||